000 00504nam a2200181 4500
003 SEACOMMC
005 20250502115232.0
008 250207b |||||||| |||| 00| 0 eng d
020 _a 81-219-2841-9
_cRs.160.00
040 _aSEACOMMC
082 _a658.872
_bP 189
100 _aPandey, U.S
245 1 _aE-commerce and Mobile Commerce Technologies /
_cU. S. Pandey, Saurabh Shukla
250 _aRev.ed.
260 _a New Delhi
_b S. Chand Publishers
_c 2007
650 _a E-commerce
942 _cBOOK
999 _c1063
_d1063